Music Quiz

Random Music or Lyrics Quiz

Pearl Jam lyrics not written by Eddie Vedder Quiz Stats

Quiz not verified by Sporcle

Challenge
Share
Tweet
Embed
Score 0/26 Timer 07:00
0 Plays Today
Categories Songs % Correct
Stone GossardMankind
83.6%
Jeff AmentNothing As It Seems
70.6%
Mike McCreadyInside Job
68.2%
Jeff AmentPilate
66.2%
Stone GossardNo Way
65.2%
Jack IronsRed Dot
64.7%
Stone GossardThin Air
63.7%
Jeff AmentLow Light
61.2%
Stone GossardAll Those Yesterdays
57.7%
Jeff AmentGhost
56.2%
Stone GossardRival
55.7%
Matt CameronYou Are
55.7%
Jack IronsThe Whale Song
54.7%
Categories Songs % Correct
Jeff AmentGod's Dice
53.7%
Stone GossardOf The Girl
48.3%
Jeff AmentSweet Lew
48.3%
OtherArmy Reserve
45.3%
Stone GossardAll or None
44.8%
Jeff AmentHelp Help
44.3%
Matt CameronGet Right
41.3%
Stone GossardBu$hleaguer
40.8%
Stone GossardFatal
34.3%
Stone GossardDon't Gimme No Lip
33.8%
Jeff AmentOther Side
29.4%
Matt CameronIn The Moonlight
24.4%
Stone GossardStrangest Tribe
23.4%

You're not logged in!

Compare scores with friends on all Sporcle quizzes.
Join for Free
OR
Log In

You Might Also Like...

Show Comments

Extras

Top Quizzes Today


Score Distribution

Your Account Isn't Verified!

In order to create a playlist on Sporcle, you need to verify the email address you used during registration. Go to your Sporcle Settings to finish the process.

Report this User

Report this user for behavior that violates our Community Guidelines.

Details: